000 00364 a2200157 4500
001 56573
020 _a8516048233
040 _cAnchieta - Pituba
100 _aMoraes, Marcos Antonio de
240 1 0 _aAntologia da carta no Brasil
_lpor
245 1 0 _aAntologia da carta no Brasil
300 _a167
362 0 _a2005
650 4 _aCarta brasileira
942 _cBK
999 _c56573
_d56573